书目信息 |
| 题名: |
电脑音乐家
|
|
| 作者: | 杨端阳 编著 | |
| 分册: | ||
| 出版信息: | 北京 清华大学出版社 2017.10 |
|
| 页数: | 429页 | |
| 开本: | 26cm | |
| 丛书名: | ||
| 单 册: | ||
| 中图分类: | J618.9 | |
| 科图分类: | ||
| 主题词: | 音乐软件 | |
| 电子资源: | ||
| ISBN: | 978-7-302-48354-0 | |
| 000 | 01152nam0 2200265 450 | |
| 001 | 0120172308495 | |
| 005 | 20180906145414.68 | |
| 010 | @a978-7-302-48354-0@dCNY69.00 | |
| 100 | @a20171027d2017 em y0chiy50 ea | |
| 101 | 0 | @achi |
| 102 | @aCN@b110000 | |
| 105 | @aak z 000yy | |
| 106 | @ar | |
| 200 | 1 | @a电脑音乐家@9dian nao yin yue jia@eAudition CC 2017电脑音乐制作从入门到精通@f杨端阳编著 |
| 205 | @a2版 | |
| 210 | @a北京@c清华大学出版社@d2017.10 | |
| 215 | @a429页@c图@d26cm | |
| 330 | @a本书内容包括:掌握音频基础知识、认识Audition CC 2017软件、掌握软件的基本操作、设置软件的工作环境、管理工作区与面板、应用于调整音乐编辑器、录制单轨与多轨混音、音频素材的简单处理、单轨素材的编辑、添加与合成音频轨道、多轨素材的编辑、音频处理与效果组的应用等。 | |
| 333 | @a本书适合Audition的初、中级读者阅读,同时也可以作为各音频教材、音乐教材的辅导用书 | |
| 517 | 1 | @aAudition CC 2017电脑音乐制作从入门到精通@9Audition CC 2017 dian nao yin yue zhi zuo cong ru men dao jing tong |
| 606 | 0 | @a音乐软件 |
| 690 | @aJ618.9@v5 | |
| 701 | 0 | @a杨端阳@9yang duan yang@4编著 |
| 801 | 0 | @aCN@b人天书店@c20171027 |
| 905 | @b1087697-701@dJ618.9@e898=2@f5 | |
| 电脑音乐家:Audition CC 2017电脑音乐制作从入门到精通/杨端阳编著.-2版.-北京:清华大学出版社,2017.10 |
| 429页:图;26cm |
| 使用对象:本书适合Audition的初、中级读者阅读,同时也可以作为各音频教材、音乐教材的辅导用书 |
| ISBN 978-7-302-48354-0:CNY69.00 |
| 本书内容包括:掌握音频基础知识、认识Audition CC 2017软件、掌握软件的基本操作、设置软件的工作环境、管理工作区与面板、应用于调整音乐编辑器、录制单轨与多轨混音、音频素材的简单处理、单轨素材的编辑、添加与合成音频轨道、多轨素材的编辑、音频处理与效果组的应用等。 |
| ● |
| 相关链接 |
|
|
|
|
正题名:电脑音乐家
索取号:J618.9/898=2
 
预约/预借
| 序号 | 登录号 | 条形码 | 馆藏地/架位号 | 状态 | 备注 |
| 1 | 1087697 | 210876970 | 第一样本阅览室/ [索取号:J618.9/898=2] | 在馆 | |
| 2 | 1087698 | 210876989 | 教育系资料室/ [索取号:J618.9/898=2] | 在馆 | |
| 3 | 1087699 | 210876998 | 教育系资料室/ [索取号:J618.9/898=2] | 在馆 | |
| 4 | 1087700 | 210877005 | 第一借阅区/ [索取号:J618.9/898=2] | 在馆 | |
| 5 | 1087701 | 210877014 | 第一借阅区/ [索取号:J618.9/898=2] | 在馆 |